[Event "Moscow Smyslov-C"]
[Site "Moscow"]
[Date "2025.06.06"]
[Round "5"]
[White "Agapov, Ivan Dm"]
[Black "Leisle, Darya"]
[Result "0-1"]
[WhiteElo "1659"]
[BlackElo "1756"]
[PlyCount "116"]
[EventDate "2025.06.02"]
[EventType "swiss"]
[EventRounds "8"]
[EventCountry "RUS"]
[SourceTitle "CB29_2025"]
[SourceDate "2025.07.16"]
[SourceVersion "1"]
[SourceVersionDate "2025.07.16"]
[SourceQuality "1"]

1. e4 c5 2. Nf3 Nc6 3. d4 cxd4 4. Nxd4 Nf6 5. Nc3 e5 6. Ndb5 d6 7. Bg5 a6 8. Na3 b5 9. Nd5 Be7 10. Bxf6 Bxf6 11. c3 0-0 12. Nc2 Rb8 13. Be2 Bg5 14. 0-0 Ne7 15. Nce3 Be6 16. Nxe7+ Qxe7 17. Nd5 Qb7 18. Qd3 Bxd5 19. Qxd5 Qxd5 20. exd5 a5 21. Rab1 b4 22. c4 b3 23. axb3 Rxb3 24. Bd1 Rb4 25. b3 Bd2 26. Ra1 Ra8 27. Bc2 Bc3 28. Ra4 Bd4 29. Rd1 g6 30. Kf1 Kf8 31. Ke2 Ke7 32. Rb1 Kd7 33. Kd3 f5 34. f3 Kc7 35. Rh1 Rbb8 36. Rb1 Bc5 37. Rba1 Bb4 38. Ke2 Kb6 39. Ke3 Kc5 40. Rd1 Rf8 41. Ra2 h6 42. Ra4 Ra7 43. Ra2 Rg7 44. Raa1 g5 45. Rf1 h5 46. g3 Rgf7 47. Rad1 f4+ 48. Ke2 fxg3 49. hxg3 h4 50. gxh4 gxh4 51. Rh1 Rxf3 52. Rh2 Rc3 53. Rd2 h3 54. Rh1 Rg3 55. Rdd1 Rg2+ 56. Kd3 Rf3+ 57. Ke4 Rf4+ 58. Kd3 Rd4+ 0-1